| 000 | 00737nam a2200229 i 4500 | ||
|---|---|---|---|
| 001 | 71802 | ||
| 003 | ES-MaACL | ||
| 005 | 20250816062532.0 | ||
| 007 | t| | ||
| 008 | 040818s1970 sp ||||1| spa d | ||
| 100 | 1 |
_aGiammanco, Roberto. _956604 |
|
| 245 | 1 | 0 |
_aBlack Power _b: = Poder negro / _cRoberto Giammanco ; [traducción de Melitón Bustamante Ortiz]. |
| 250 | _a[1ª ed.]. | ||
| 260 |
_a[Barcelona] : _bPenínsula, _c[1970] |
||
| 300 |
_a394 p. ; _c20 cm. |
||
| 490 | 1 |
_aHistoria, ciencia, sociedad ; _v50 |
|
| 700 | 1 |
_aBustamante Ortiz, Melitón. _932877 |
|
| 740 | 0 | _aPoder negro. | |
| 830 | 0 | 0 |
_aHistoria, ciencia, sociedad (Península) _v50 _9177444 |
| 852 |
_aES-MaACL _jC-39745 _bR.73541 |
||
| 999 |
_c71802 _d71802 |
||